[Event "DEN-ch sf2"]
[Site "Svendborg"]
[Date "2024.03.29"]
[Round "5"]
[White "Rasmussen, Johnny Koust"]
[Black "Kokholm, Daniel"]
[Result "1-0"]
[WhiteElo "1909"]
[BlackElo "1906"]
[PlyCount "35"]
[EventDate "2024.03.29"]
[EventType "swiss"]
[EventRounds "7"]
[EventCountry "DEN"]
[SourceTitle "CB16_2024"]
[SourceDate "2024.04.17"]
[SourceVersion "1"]
[SourceVersionDate "2024.04.17"]
[SourceQuality "1"]

1. e4 d6 2. d4 Nf6 3. Nc3 e5 4. Nf3 Nbd7 5. Bc4 Be7 6. a4 a5 7. Ng5 0-0 8. Bxf7+ Rxf7 9. Ne6 Qe8 10. Nxc7 Qd8 11. Nxa8 b6 12. Nb5 Ne8 13. dxe5 Nxe5 14. Qd4 Nd7 15. Be3 Nc5 16. e5 Bb7 17. Nxb6 Qxb6 18. exd6 1-0

[Event "Copenhagen Obro CXU New Year op"]
[Site "Copenhagen"]
[Date "2023.12.27"]
[Round "1"]
[White "Gregor, Bjarke"]
[Black "Kokholm, Daniel"]
[Result "1-0"]
[WhiteElo "2158"]
[BlackElo "1821"]
[PlyCount "75"]
[EventDate "2023.12.27"]
[EventType "swiss"]
[EventRounds "7"]
[EventCountry "DEN"]
[SourceTitle "CB01_2024"]
[SourceDate "2024.01.03"]
[SourceVersion "1"]
[SourceVersionDate "2024.01.03"]
[SourceQuality "1"]

1. e4 d6 2. d4 Nf6 3. Nc3 e5 4. Nf3 Nbd7 5. Rg1 g6 6. g4 Bg7 7. dxe5 dxe5 8. Bc4 0-0 9. Ng5 Qe7 10. Qe2 Nb6 11. Bb3 h6 12. Nxf7 Rxf7 13. Bxf7+ Qxf7 14. g5 hxg5 15. Bxg5 Nh7 16. Be3 Be6 17. 0-0-0 c6 18. Kb1 Nd7 19. Rg3 b5 20. Rdg1 Nhf8 21. a4 b4 22. Nd1 a5 23. h4 Nf6 24. Bg5 Bc4 25. Qe3 Nh5 26. Rf3 Qd7 27. b3 Be6 28. Qe1 Qc7 29. Nb2 Bf7 30. Nd3 Ne6 31. Be3 c5 32. Nb2 Nd4 33. Bxd4 cxd4 34. Qe2 Nf4 35. Qb5 Ne2 36. Qxe2 Rc8 37. Nc4 Bxc4 38. Qxc4+ 1-0

[Event "DEN-ch G7-1"]
[Site "Svendborg"]
[Date "2019.04.18"]
[Round "3"]
[White "Kokholm, Daniel"]
[Black "Jepsen, Thomas Tange"]
[Result "1/2-1/2"]
[WhiteElo "1900"]
[BlackElo "2115"]
[PlyCount "45"]
[EventDate "2019.04.16"]
[EventType "swiss"]
[EventRounds "7"]
[EventCountry "DEN"]
[SourceTitle "EXT 2020"]
[Source "ChessBase"]
[SourceDate "2019.10.17"]
[SourceVersion "1"]
[SourceVersionDate "2019.10.17"]
[SourceQuality "1"]

1. e4 c6 2. d4 d5 3. e5 Bf5 4. Ne2 e6 5. Ng3 Bg6 6. h4 h6 7. h5 Bh7 8. Bd3 Bxd3 9. cxd3 Qb6 10. Be3 c5 11. dxc5 Bxc5 12. d4 Qb4+ 13. Qd2 Qxd2+ 14. Nxd2 Bb6 15. f4 Ne7 16. Ne2 Nbc6 17. Nb3 Rc8 18. Kd2 Na5 19. Nxa5 Bxa5+ 20. Kd3 Kd7 21. Rac1 Rxc1 22. Bxc1 Rc8 23. g4 1/2-1/2

[Event "Copenhagen Bronshoj op"]
[Site "Copenhagen"]
[Date "2017.02.15"]
[Round "6"]
[White "Kokholm, Daniel"]
[Black "Tandrup, Michael"]
[Result "1/2-1/2"]
[WhiteElo "1858"]
[BlackElo "1930"]
[PlyCount "34"]
[EventDate "2017.02.10"]
[EventType "swiss"]
[EventRounds "7"]
[EventCountry "DEN"]
[SourceTitle "CBM 176 Extra"]
[Source "ChessBase"]
[SourceDate "2017.03.02"]
[SourceVersion "1"]
[SourceVersionDate "2017.03.02"]
[SourceQuality "1"]

1. e4 d5 2. d4 dxe4 3. Nc3 Nf6 4. f3 e3 5. Bxe3 e6 6. Bd3 Bb4 7. Nge2 Nd5 8. Qd2 Nxe3 9. Qxe3 Nc6 10. 0-0 0-0 11. Ne4 Be7 12. c3 b6 13. f4 a5 14. Rf3 Ba6 15. Bc2 f5 16. Nd2 Qd6 17. Kh1 Rae8 1/2-1/2

[Event "Copenhagen Bronshoj op"]
[Site "Copenhagen"]
[Date "2017.02.12"]
[Round "3"]
[White "Mouritsen, Jan"]
[Black "Kokholm, Daniel"]
[Result "1/2-1/2"]
[WhiteElo "1917"]
[BlackElo "1858"]
[PlyCount "92"]
[EventDate "2017.02.10"]
[EventType "swiss"]
[EventRounds "7"]
[EventCountry "DEN"]
[SourceTitle "CBM 176 Extra"]
[Source "ChessBase"]
[SourceDate "2017.03.02"]
[SourceVersion "1"]
[SourceVersionDate "2017.03.02"]
[SourceQuality "1"]

1. e4 d6 2. Nc3 Nf6 3. f4 Bg4 4. Be2 Bxe2 5. Qxe2 c6 6. Nf3 e6 7. d4 d5 8. e5 Nfd7 9. 0-0 a6 10. f5 Be7 11. fxe6 fxe6 12. Ne1 g6 13. Qg4 Nf8 14. Bh6 Qd7 15. Qf3 Bb4 16. Nd3 Bxc3 17. bxc3 Qe7 18. Nc5 b6 19. Bxf8 Rxf8 20. Qxf8+ Qxf8 21. Rxf8+ Kxf8 22. Nxe6+ Ke7 23. Ng5 h6 24. Nf3 Nd7 25. g4 Rf8 26. Nh4 Rg8 27. Kf2 Ke6 28. Ke3 Rg7 29. Rf1 Rg8 30. Ng2 g5 31. Kd3 Rg7 32. Ne3 c5 33. Nf5 Rh7 34. Ng3 Rg7 35. Nh5 Rg6 36. a4 c4+ 37. Ke3 Ke7 38. Kd2 Ke6 39. Ng3 Rg8 40. Nf5 Rh8 41. Ng7+ Ke7 42. Nh5 Ke6 43. Nf6 Rf8 44. Rb1 Nxf6 45. Rxb6+ Ke7 46. exf6+ Rxf6 1/2-1/2

[Event "Amager AMSF Gr1"]
[Site "Amager"]
[Date "2016.08.16"]
[Round "1"]
[White "Kokholm, Daniel"]
[Black "Frank Nielsen, Marie"]
[Result "1/2-1/2"]
[WhiteElo "1848"]
[BlackElo "1942"]
[PlyCount "37"]
[EventDate "2016.08.16"]
[EventType "tourn"]
[EventRounds "7"]
[EventCountry "DEN"]
[SourceTitle "EXT 2023"]
[Source "ChessBase"]
[SourceDate "2022.10.05"]
[SourceVersion "1"]
[SourceVersionDate "2022.10.05"]
[SourceQuality "1"]

1. e4 c5 2. Nc3 e6 3. f4 Nc6 4. Nf3 a6 5. g3 g6 6. Bg2 d6 7. 0-0 Bg7 8. d3 Nge7 9. h3 0-0 10. Qe1 Nd4 11. Qf2 Nxf3+ 12. Qxf3 Rb8 13. g4 f5 14. gxf5 exf5 15. Be3 b6 16. a4 Bb7 17. Qf2 d5 18. exd5 Nxd5 19. Nxd5 1/2-1/2

[Event "Copenhagen Bronshoj op"]
[Site "Copenhagen"]
[Date "2016.??.??"]
[Round "1"]
[White "Nielsen, Viktor Haarmark"]
[Black "Kokholm, Daniel"]
[Result "1-0"]
[WhiteElo "2189"]
[BlackElo "1891"]
[PlyCount "97"]
[EventDate "2016.02.12"]
[EventType "swiss"]
[EventRounds "7"]
[EventCountry "DEN"]
[SourceTitle "CBM 170 Extra"]
[Source "ChessBase"]
[SourceDate "2016.02.25"]
[SourceVersion "1"]
[SourceVersionDate "2016.02.25"]
[SourceQuality "1"]

1. e4 d6 2. d4 Nf6 3. Nc3 e5 4. dxe5 dxe5 5. Qxd8+ Kxd8 6. Bg5 Be6 7. Nf3 Nbd7 8. 0-0-0 Kc8 9. Bxf6 gxf6 10. Nh4 c6 11. Kb1 b5 12. Bd3 a6 13. Ne2 Kc7 14. Nf5 Bxf5 15. exf5 Rd8 16. Be4 Be7 17. Bf3 Nb6 18. Bh5 Rhf8 19. Nc3 Nc8 20. Ne4 Nd6 21. Ng3 Nc8 22. Rxd8 Kxd8 23. Rd1+ Nd6 24. a4 Kc7 25. axb5 axb5 26. c3 Ne8 27. Kc2 Ng7 28. Bg4 Ne8 29. Ra1 Kb7 30. Ne4 Nc7 31. g3 Ne8 32. Rd1 Kc7 33. Ra1 Kb7 34. Rd1 Kc7 35. b4 Kc8 36. Kb3 Kc7 37. Bh5 Ng7 38. Bg4 Ne8 39. Nc5 Bxc5 40. bxc5 Ng7 41. Bf3 Ne8 42. h4 h6 43. Be4 Rg8 44. Bf3 Rf8 45. c4 bxc4+ 46. Kxc4 Rh8 47. Ra1 Kd7 48. Ra6 Ng7 49. Ra7+ 1-0

[Event "Copenhagen Challenge"]
[Site "Ballerup"]
[Date "2015.05.03"]
[Round "9"]
[White "Kokholm, Daniel"]
[Black "Rewitz, Poul"]
[Result "0-1"]
[WhiteElo "1894"]
[BlackElo "2257"]
[PlyCount "76"]
[EventDate "2015.04.29"]
[EventType "swiss"]
[EventRounds "9"]
[EventCountry "DEN"]
[SourceTitle "CBM 166 Extra"]
[Source "ChessBase"]
[SourceDate "2015.06.18"]
[SourceVersion "1"]
[SourceVersionDate "2015.06.18"]
[SourceQuality "1"]

1. f4 c6 2. Nc3 g6 3. Nf3 Bg7 4. g3 h5 5. h3 Nh6 6. e4 d5 7. d3 b5 8. Qe2 a5 9. a4 b4 10. Nd1 dxe4 11. dxe4 Ba6 12. Qf2 Bxf1 13. Qxf1 Nd7 14. Ne3 Nc5 15. Qc4 Qb6 16. Ng5 Rd8 17. e5 e6 18. 0-0 0-0 19. Kh2 Rd7 20. g4 hxg4 21. hxg4 Rfd8 22. Nf3 b3 23. g5 Nf5 24. Nxf5 exf5 25. Be3 Rd5 26. c3 Bf8 27. Kg2 Qb7 28. Nd4 R8d7 29. Rh1 Ne4 30. Nxb3 c5 31. Qb5 c4 32. Qxb7 Rxb7 33. Nd4 Rxb2+ 34. Kf3 Nxc3 35. Rh3 Nb1 36. e6 fxe6 37. Nxe6 Rd3 38. Nxf8 Kxf8 0-1

[Event "Copenhagen Bronshoj op"]
[Site "Copenhagen"]
[Date "2015.02.09"]
[Round "6"]
[White "Kokholm, Daniel"]
[Black "Tolba, Henri"]
[Result "1-0"]
[WhiteElo "1890"]
[BlackElo "1753"]
[PlyCount "47"]
[EventDate "2015.02.06"]
[EventType "swiss"]
[EventRounds "7"]
[EventCountry "DEN"]
[SourceTitle "EXT 2016"]
[Source "ChessBase"]
[SourceDate "2015.10.08"]
[SourceVersion "1"]
[SourceVersionDate "2015.10.08"]
[SourceQuality "1"]

1. d4 d5 2. e4 dxe4 3. Nc3 Nf6 4. f3 e3 5. Bxe3 Nbd7 6. Bd3 Nb6 7. Ne4 Nbd5 8. Bd2 e6 9. c3 c6 10. Ne2 Qc7 11. a3 a5 12. c4 Nxe4 13. fxe4 Nf6 14. e5 Ng4 15. Bf4 h5 16. h3 Nh6 17. Ng3 Qb6 18. Be3 Qxb2 19. 0-0 Bxa3 20. Rb1 Qc3 21. Ne4 Qb4 22. Rxb4 axb4 23. Nd6+ Kd7 24. Bxh6 1-0

[Event "Koge Xtracon op"]
[Site "Koge"]
[Date "2014.10.18"]
[Round "9"]
[White "Kokholm, Daniel"]
[Black "Hein, Jacob"]
[Result "1-0"]
[WhiteElo "1899"]
[BlackElo "1445"]
[PlyCount "77"]
[EventDate "2014.10.11"]
[EventType "swiss"]
[EventRounds "9"]
[EventCountry "DEN"]
[SourceTitle "EXT 2015"]
[Source "ChessBase"]
[SourceDate "2014.11.20"]
[SourceVersion "1"]
[SourceVersionDate "2014.11.20"]
[SourceQuality "1"]

1. e4 e5 2. Nf3 d6 3. Bc4 Qf6 4. d3 h6 5. h3 Be7 6. Nc3 c6 7. a4 a5 8. Be3 Bd8 9. d4 Nd7 10. Qd2 Bb6 11. Ne2 Ne7 12. c3 0-0 13. Ng3 Rd8 14. Rd1 d5 15. Bd3 Nf8 16. Nxe5 Be6 17. Nh5 Qh4 18. g4 Bxg4 19. Nxg4 Qxh5 20. Rg1 Kh8 21. Ne5 Ne6 22. Be2 Qxe5 23. dxe5 dxe4 24. Qc2 Rxd1+ 25. Kxd1 Bxe3 26. fxe3 Rd8+ 27. Kc1 Nc5 28. Rd1 Rxd1+ 29. Qxd1 Nd5 30. Kb1 Kh7 31. Bc4 Nxe3 32. Qe2 Nd5 33. Qd2 f5 34. Qf2 f4 35. Qxc5 f3 36. Bxd5 cxd5 37. e6 Kg6 38. Qxd5 f2 39. Qxe4+ 1-0

[Event "Koge Xtracon op"]
[Site "Koge"]
[Date "2014.10.13"]
[Round "4"]
[White "Adan Bermudez, Sergio"]
[Black "Kokholm, Daniel"]
[Result "1-0"]
[WhiteElo "2357"]
[BlackElo "1899"]
[PlyCount "95"]
[EventDate "2014.10.11"]
[EventType "swiss"]
[EventRounds "9"]
[EventCountry "DEN"]
[SourceTitle "EXT 2015"]
[Source "ChessBase"]
[SourceDate "2014.11.20"]
[SourceVersion "1"]
[SourceVersionDate "2014.11.20"]
[SourceQuality "1"]

1. c4 e5 2. Nc3 Nc6 3. g3 f5 4. Bg2 Nf6 5. e3 Be7 6. Nge2 0-0 7. 0-0 d6 8. d4 Qe8 9. Nd5 Bd8 10. Nec3 Ne7 11. Nxf6+ Rxf6 12. c5 e4 13. cxd6 cxd6 14. Qb3+ Kh8 15. f3 exf3 16. Bxf3 Nc6 17. Nd5 Rf8 18. Bd2 Rb8 19. Rac1 Be6 20. Qa3 Qd7 21. Nb4 Nxb4 22. Bxb4 Be7 23. d5 Bg8 24. Qxa7 Ra8 25. Qb6 Rfc8 26. a3 Bf6 27. Qxd6 Qxd6 28. Bxd6 Bxb2 29. Rxc8 Rxc8 30. Rb1 Rc1+ 31. Rxc1 Bxc1 32. Bc5 b6 33. Bxb6 Bxa3 34. Bc7 Bf7 35. Be5 Kg8 36. d6 Be8 37. Bd5+ Bf7 38. d7 Be7 39. Bxf7+ Kxf7 40. Bc7 g6 41. d8Q Bxd8 42. Bxd8 Kg7 43. Kf2 Kf7 44. Kf3 Kg7 45. Kf4 h6 46. Ke5 Kf7 47. h4 h5 48. Bf6 1-0

[Event "Koge Xtracon op"]
[Site "Koge"]
[Date "2014.10.11"]
[Round "1"]
[White "Kokholm, Daniel"]
[Black "Singh, Karamtej"]
[Result "1-0"]
[WhiteElo "1899"]
[BlackElo "1827"]
[PlyCount "34"]
[EventDate "2014.10.11"]
[EventType "swiss"]
[EventRounds "9"]
[EventCountry "DEN"]
[SourceTitle "EXT 2015"]
[Source "ChessBase"]
[SourceDate "2014.11.20"]
[SourceVersion "1"]
[SourceVersionDate "2014.11.20"]
[SourceQuality "1"]

1. e4 c5 2. Nc3 Nc6 3. f4 a6 4. a4 d6 5. Bc4 Nf6 6. d3 Bg4 7. Qd2 Qc7 8. f5 e6 9. h3 d5 10. Ba2 d4 11. Nb1 Bd6 12. Qg5 Bg3+ 13. Kf1 0-0-0 14. hxg4 h6 15. Qxg7 Be5 16. fxe6 Nxg4 17. Qxg4 fxe6 1-0

[Event "Copenhagen BSF-C"]
[Site "Copenhagen"]
[Date "2014.03.29"]
[Round "2"]
[White "Henriksen, Christian Steen"]
[Black "Kokholm, Daniel"]
[Result "0-1"]
[WhiteElo "1862"]
[BlackElo "1887"]
[PlyCount "78"]
[EventDate "2014.03.28"]
[EventType "tourn"]
[EventRounds "5"]
[EventCountry "DEN"]
[SourceTitle "EXT 2016"]
[Source "ChessBase"]
[SourceDate "2015.10.08"]
[SourceVersion "1"]
[SourceVersionDate "2015.10.08"]
[SourceQuality "1"]

1. d4 d6 2. e4 Nf6 3. Nc3 Nbd7 4. f4 e5 5. Nf3 exd4 6. Qxd4 c6 7. e5 dxe5 8. fxe5 Bc5 9. Qf4 Qe7 10. Bd2 0-0 11. 0-0-0 Nd5 12. Nxd5 cxd5 13. Bd3 f6 14. Qh4 f5 15. Bg5 Qe6 16. g4 h6 17. Bxf5 Rxf5 18. gxf5 Qxf5 19. Bf4 Nf8 20. Rhf1 Ng6 21. Qd8+ Kh7 22. Bd2 Qe4 23. Rde1 Qa4 24. Qxd5 Bh3 25. Re4 Qc6 26. Qxc6 bxc6 27. Rfe1 Bg2 28. Rc4 Bb6 29. Ng1 Bd5 30. Rg4 Rf8 31. e6 Ne7 32. Bc3 g6 33. Nh3 g5 34. Ng1 Kg6 35. h4 Rf5 36. hxg5 hxg5 37. a4 a6 38. a5 Bc5 39. b4 Ba7 0-1

[Event "Copenhagen Bronshoj op"]
[Site "Copenhagen"]
[Date "2014.02.10"]
[Round "6"]
[White "Kokholm, Daniel"]
[Black "Schmidt, Horst Hubert"]
[Result "1-0"]
[WhiteElo "1907"]
[BlackElo "1787"]
[PlyCount "79"]
[EventDate "2014.02.07"]
[EventType "swiss"]
[EventRounds "7"]
[EventCountry "DEN"]
[SourceTitle "CBM 158 Extra"]
[Source "ChessBase"]
[SourceDate "2014.02.28"]
[SourceVersion "1"]
[SourceVersionDate "2014.02.28"]
[SourceQuality "1"]

1. e4 d6 2. d4 Nf6 3. Nc3 Nc6 4. f3 e5 5. Nge2 Be7 6. Be3 a5 7. Qd2 exd4 8. Nxd4 Nxd4 9. Bxd4 Bd7 10. a4 c6 11. Be2 0-0 12. Bxf6 gxf6 13. g4 Qb6 14. Bd3 Qc5 15. h4 Qe5 16. Kf2 d5 17. exd5 Bc5+ 18. Kg2 Bd6 19. Ne4 f5 20. Qg5+ Kh8 21. Qf6+ Qxf6 22. Nxf6 Bc8 23. Rae1 fxg4 24. fxg4 h6 25. g5 cxd5 26. Rhf1 Be6 27. Bf5 Rac8 28. Bxe6 Rxc2+ 29. Rf2 Rxf2+ 30. Kxf2 fxe6 31. Rxe6 Bc5+ 32. Ke2 hxg5 33. hxg5 b6 34. Kd3 d4 35. g6 Kg7 36. Nh5+ Kg8 37. g7 Rf3+ 38. Kc4 Re3 39. Rc6 Kf7 40. Rc8 1-0

[Event "Copenhagen Bronshoj op"]
[Site "Copenhagen"]
[Date "2014.02.09"]
[Round "4"]
[White "Kokholm, Daniel"]
[Black "Nielsen, Klaus"]
[Result "0-1"]
[WhiteElo "1907"]
[BlackElo "2088"]
[PlyCount "82"]
[EventDate "2014.02.07"]
[EventType "swiss"]
[EventRounds "7"]
[EventCountry "DEN"]
[SourceTitle "CBM 158 Extra"]
[Source "ChessBase"]
[SourceDate "2014.02.28"]
[SourceVersion "1"]
[SourceVersionDate "2014.02.28"]
[SourceQuality "1"]

1. d4 Nf6 2. Nc3 c5 3. d5 e5 4. e4 d6 5. Be2 Be7 6. Be3 Nbd7 7. Qd2 a6 8. a4 Qa5 9. Ra3 Nf8 10. h3 Ng6 11. Nf3 0-0 12. g4 Bd7 13. Qd3 Rfc8 14. Nd2 Qd8 15. a5 Ne8 16. 0-0 Nc7 17. Ra2 Nb5 18. Na4 Rab8 19. Nb6 Rc7 20. Nxd7 Qxd7 21. Nc4 Nd4 22. Bd1 Qd8 23. c3 Nb5 24. Ba4 Bg5 25. Bxg5 Qxg5 26. Bxb5 axb5 27. Nxd6 Nf4 28. Qf3 Qh6 29. Nxb5 Nxh3+ 30. Kg2 Nf4+ 31. Kg1 Rd7 32. Rfa1 Qg5 33. Kf1 h5 34. gxh5 Qh4 35. c4 Nxh5 36. Ke1 Nf4 37. Ra3 f5 38. Qg3 Qh1+ 39. Kd2 Qxe4 40. b3 Qe2+ 41. Kc3 Rxd5 0-1